000 00817nam a2200253Ia 4500
003 OSt
005 20220923220037.0
006 a|||||r|||| 00| 0
007 ta
008 220922b |||||||| |||| 00| 0 hin d
024 _a183,800
037 _cTextual
040 _aARTS
_cARTS
_bhin
041 _2hin
_ahin
082 _aO152,1N23,15, J6
100 _aपोद्दार, रामावतार अरूण
245 0 _aअशोक पुत्र
246 _aAshok putra
260 _aबिहार
_b किरण प्रकाशन
_c1956
300 _a52 पृ.
_ccm.
650 _aहिन्दी साहित्य
_9156264
942 _hO152,1N23,15, J6
_cTEXL
_2CC
999 _c337120
_d337120